Survival and peace in the nuclear age / (Record no. 184700)
[ view plain ]
| 000 -LEADER | |
|---|---|
| fixed length control field | 00891 a2200205 4500 |
| 003 - CONTROL NUMBER IDENTIFIER | |
| control field | Nust |
| 005 - DATE AND TIME OF LATEST TRANSACTION | |
| control field | 20221227092121.0 |
| 010 ## - LIBRARY OF CONGRESS CONTROL NUMBER | |
| LC control number | 80051729 |
| 020 ## - INTERNATIONAL STANDARD BOOK NUMBER | |
| International Standard Book Number | 0895266725 : |
| 040 ## - CATALOGING SOURCE | |
| Transcribing agency | Nust |
| 082 00 - DEWEY DECIMAL CLASSIFICATION NUMBER | |
| Classification number | 355,BEI |
| 100 1# - MAIN ENTRY--PERSONAL NAME | |
| Personal name | Beilenson, Laurence W., |
| 9 (RLIN) | 105998 |
| 245 10 - TITLE STATEMENT | |
| Title | Survival and peace in the nuclear age / |
| Statement of responsibility, etc. | Laurence W. Beilenson. |
| 260 ## - PUBLICATION, DISTRIBUTION, ETC. | |
| Place of publication, distribution, etc. | Chicago : |
| Name of publisher, distributor, etc. | Regnery/Gateway, |
| Date of publication, distribution, etc. | c1980. |
| 300 ## - PHYSICAL DESCRIPTION | |
| Extent | ix, 169 p. ; |
| Dimensions | 22 cm. |
| 505 ## - FORMATTED CONTENTS NOTE | |
| Formatted contents note | The Survive as a Free People (Page-1), Is Nuclear War Likely? (Page-15), Shelter And Shield (Page-35), Supposed Tools of Peace (Page-61), SALT or the Sheathed Nuclear Sword (Page-77), The Unlearned Lesson of Vietnam (Page-95), The Double Pronged Conflict (Page-125), The Fourth of July Tool (Page-141). |
| 651 #0 - SUBJECT ADDED ENTRY--GEOGRAPHIC NAME | |
| Geographic name | United States |
| General subdivision | Foreign relations |
| Chronological subdivision | 1977-1981. |
| 9 (RLIN) | 94939 |
| 651 #0 - SUBJECT ADDED ENTRY--GEOGRAPHIC NAME | |
| Geographic name | United States |
| General subdivision | Military policy. |
| 942 ## - ADDED ENTRY ELEMENTS (KOHA) | |
| Source of classification or shelving scheme | |
| Koha item type | Book |
| Call number prefix | 355,BEI |
| Withdrawn status | Lost status | Source of classification or shelving scheme | Damaged status | Not for loan | Permanent Location | Current Location | Shelving location | Date acquired | Full call number | Barcode | Date last seen | Price effective from | Koha item type | Public note |
|---|---|---|---|---|---|---|---|---|---|---|---|---|---|---|
| Military College of Signals (MCS) | Military College of Signals (MCS) | General Stacks | 12/12/2016 | 355,BEI | MCS3332 | 12/08/2016 | 12/12/2016 | Book | Almirah No.51, Shelf No.1 |
